| 000 | 00915nam2a2200265 4500 | ||
|---|---|---|---|
| 001 | RU\NLR\bibl\1232012 | ||
| 005 | 20250615114550.0 | ||
| 010 |
_a978-5-486-01884-8 _912000 _bт. 7 |
||
| 021 |
_aRU _b2008-25196 _91384 |
||
| 035 | _a(NLR Aleph) 001218273 | ||
| 090 |
_a121843 _c121843 |
||
| 100 | _a20080526d2008 |||y0rusy50 ca | ||
| 101 | 1 |
_arus _cfre |
|
| 102 | _aRU | ||
| 105 | _aa ||||||||| | ||
| 200 | 0 |
_a[1], (Части 1-2) _f[ил. П. Фера] |
|
| 210 |
_d2008 _aБ. м. |
||
| 215 |
_a350, [1] с. _cил. |
||
| 461 | 0 |
_1001RU\NLR\bibl\1275177 _12001#$aТаинственный остров$v[1] _9379058 _aВерн, Ж. (1828-1905) _cМосква _d2008 _fЖюль Верн _nМир книги _tТаинственный остров _y978-5-486-01734-6 _v[1] |
|
| 702 | 1 |
_aФер _bП. _4430 |
|
| 801 | 0 |
_aRU _bNLR _c20080526 _gRCR |
|
| 801 | 1 |
_aRU _bNLR _c20080526 |
|
| 942 | _cBOOK | ||
| 980 | _aNB | ||